Statistics for United States Trivia: History

Click here to take the quiz!

General Stats

  • This quiz has been taken 87 times
  • The average score is 13 of 25

Answer Stats

HintAnswer% Correct
Country That Gifted The United States Statue of LibertyFrance
89%
Name Of The Pilgrims' ShipThe Mayflower
86%
First Black President of United StatesBarack Obama
85%
Year United States Entered World War I1917
84%
First Man On The Moon (Name Any One)Neil Armstrong | Buzz Aldrin | Michael Collins
81%
Hurricane's Name That Devastated New Orleans (mainly) in 2005Hurricane Katrina
75%
First American State To Ratify The ConstitutionDelaware
73%
First Capital City Of United StatesNew York City
68%
Five Countries To Form Colonies Later Becoming Part Of The United States Territory (Name Any One)Russia | Spain | Netherlands | England | Spain
67%
State That Seceded From Virginia in 1863West Virginia
67%
Leaders of The First Land Expedition To The Pacific Coast (Name Any One)Meriwether Lewis | William Clark
64%
Year Apple Computer Introduced First Ipod2001
51%
Which State's Electoral Votes Decided 2000's Presidential ElectionFlorida
49%
Confederate President During Civil WarJefferson Davis
48%
Last American State To Ratify The ConstitutionHawaii
41%
Year Of When Jamestown Settlement Establishment1607
37%
What was the name of the treaty that ended the war?The Treaty of Paris
34%
After the Boston Tea Party, Great Britain punished colonists with several laws that took away Massachusetts’ right to govern itself. What were these laws called?The Intolerable Acts | Coercive Acts
32%
Year When First Enslaved Africans Were Brought To American Colonies1619
30%
First European To Arrive In North AmericaLeif Erikson
30%
Call Sign Name Of President's HelicopterMarine One
23%
Captain of The Titanic That Sank in 1912Edward Smith
22%
First United States National Monument (Hint: It is located in the state of Wyoming)Devil's Tower
21%
How do historians refer to the time period in the 1730s and 1740s when colonists began embracing secular rationalism over religion?The Great Awakening
18%
Year The First U.S. Dollar Was Printed1862
15%

Score Distribution

Percentile by Number Answered

Percent of People with Each Score

Your Score History

You have not taken this quiz